000
00336nam a2200133Ia 4500
008
240624s9999 xx 000 0 und d
041
_a
eng
082
_a
954 VER
100
_a
VERMA SOM PRAKASH
245
_a
TAJ MAHAL MONUMENTAL LEGACY
260
_c
2012
_a
New Delhi
_b
Oxford
300
_a
xii, : 107 : p. : cm. ; 22
365
_c
RS
_b
32
999
_c
18887
_d
18887